[Event "HUN-chT2 Barcza 1617"]
[Site "Hungary"]
[Date "2017.02.26"]
[Round "9.6"]
[White "Szuhai, Beata Barbara"]
[Black "Papp, Abel"]
[Result "1/2-1/2"]
[WhiteElo "1921"]
[BlackElo "2143"]
[PlyCount "43"]
[EventDate "2016.09.25"]
[EventType "team-tourn"]
[EventRounds "11"]
[EventCountry "HUN"]
[SourceTitle "EXT 2021"]
[Source "ChessBase"]
[SourceDate "2020.10.23"]
[SourceVersion "1"]
[SourceVersionDate "2020.10.23"]
[SourceQuality "1"]
[WhiteTeam "Edeleny"]
[BlackTeam "Lillafured DVTK II"]
[WhiteTeamCountry "HUN"]
[BlackTeamCountry "HUN"]

1. e4 e5 2. Nc3 Nc6 3. Bc4 Nf6 4. d3 h6 5. Nge2 Bc5 6. 0-0 a6 7. Be3 Nd4 8. Nd5 Nxd5 9. Bxd5 c6 10. Bb3 Nxb3 11. axb3 Bxe3 12. fxe3 d5 13. Ng3 0-0 14. Qh5 Qg5 15. Qxg5 hxg5 16. exd5 cxd5 17. Nf5 Be6 18. d4 exd4 19. exd4 Rad8 20. Rae1 g6 21. Ng3 Rde8 22. Re3 1/2-1/2

[Event "HUN-chT2 Barcza 1617"]
[Site "Hungary"]
[Date "2016.09.25"]
[Round "1.8"]
[White "Szuhai, Beata Barbara"]
[Black "Vanczak, Tamas"]
[Result "0-1"]
[WhiteElo "1921"]
[BlackElo "2111"]
[PlyCount "86"]
[EventDate "2016.09.25"]
[EventType "team-tourn"]
[EventRounds "11"]
[EventCountry "HUN"]
[SourceTitle "EXT 2021"]
[Source "ChessBase"]
[SourceDate "2020.10.23"]
[SourceVersion "1"]
[SourceVersionDate "2020.10.23"]
[SourceQuality "1"]
[WhiteTeam "Edeleny"]
[BlackTeam "Miskolc Kisbocsok"]
[WhiteTeamCountry "HUN"]
[BlackTeamCountry "HUN"]

1. e4 c5 2. Nf3 e6 3. b3 d6 4. d4 cxd4 5. Nxd4 Nf6 6. Bd3 a6 7. 0-0 Be7 8. Bb2 Qc7 9. c4 b6 10. Kh1 Bb7 11. Nc3 Nbd7 12. Qe2 Rc8 13. Rad1 0-0 14. f4 Rfe8 15. Rfe1 e5 16. Nf5 Bf8 17. Qf3 g6 18. Ng3 Bg7 19. f5 Nc5 20. Bb1 Bc6 21. Nd5 Bxd5 22. exd5 b5 23. cxb5 axb5 24. fxg6 hxg6 25. Rc1 Qb7 26. Be4 Ncxe4 27. Nxe4 Nxe4 28. Qxe4 f5 29. Qb4 Qxd5 30. Rcd1 Qc5 31. Qxc5 dxc5 32. Rd5 e4 33. Bxg7 Kxg7 34. Rc1 Red8 35. Rxd8 Rxd8 36. Kg1 Rc8 37. Kf2 Kf6 38. g3 Ke5 39. h4 c4 40. Ke3 c3 41. b4 c2 42. Kd2 Kd4 43. Re1 c1Q+ 0-1

[Event "HUN-chT2 Barcza 1516"]
[Site "Hungary"]
[Date "2016.02.14"]
[Round "7.6"]
[White "Lovas, Peter"]
[Black "Szuhai, Beata Barbara"]
[Result "1-0"]
[WhiteElo "1830"]
[BlackElo "1848"]
[PlyCount "47"]
[EventDate "2015.09.13"]
[EventType "team-tourn"]
[EventRounds "11"]
[EventCountry "HUN"]
[SourceTitle "EXT 2017"]
[Source "ChessBase"]
[SourceDate "2016.10.25"]
[SourceVersion "1"]
[SourceVersionDate "2016.10.25"]
[SourceQuality "1"]
[WhiteTeam "Nadudvar"]
[BlackTeam "Edeleny"]
[WhiteTeamCountry "HUN"]
[BlackTeamCountry "HUN"]

1. e4 e6 2. d4 d5 3. exd5 exd5 4. Bd3 Bd6 5. Nf3 Nf6 6. 0-0 0-0 7. h3 Be6 8. Re1 Nbd7 9. Ne5 c5 10. c3 Qc7 11. f4 Nb6 12. Nd2 g6 13. Ndf3 Nfd7 14. Ng5 Bxe5 15. dxe5 Rfe8 16. f5 gxf5 17. Qh5 Nf8 18. Re3 f6 19. Nxe6 Rxe6 20. Bxf5 Rxe5 21. Rg3+ Kh8 22. Bf4 Re1+ 23. Rxe1 Qxf4 24. Re7 1-0

[Event "HUN-ch U16 Girls"]
[Site "Balatonlelle"]
[Date "2015.06.20"]
[Round "3"]
[White "Szuhai, Beata Barbara"]
[Black "Boa, Boglarka"]
[Result "1/2-1/2"]
[WhiteElo "1823"]
[BlackElo "1577"]
[PlyCount "85"]
[EventDate "2015.06.18"]
[EventType "tourn"]
[EventRounds "7"]
[EventCountry "HUN"]
[SourceTitle "CBM 167 Extra"]
[Source "ChessBase"]
[SourceDate "2015.09.14"]
[SourceVersion "1"]
[SourceVersionDate "2015.09.14"]
[SourceQuality "1"]

1. e4 e5 2. Nc3 Nf6 3. Bc4 Nxe4 4. Qh5 Nd6 5. Bb3 Be7 6. Qxe5 0-0 7. Nge2 Bf6 8. Qh5 g6 9. Qh3 Nf5 10. 0-0 d6 11. f4 Nd4 12. Qd3 Bf5 13. Ne4 Bxe4 14. Qxe4 Re8 15. Bxf7+ Kxf7 16. Qd5+ Ne6 17. f5 c6 18. fxe6+ Rxe6 19. Qb3 Qb6+ 20. Qxb6 axb6 21. Nf4 Re7 22. c3 Nd7 23. d4 Kg7 24. Nd3 c5 25. d5 Be5 26. Bg5 Bf6 27. Bxf6+ Nxf6 28. Nf4 Re5 29. Ne6+ Kf7 30. a3 Ke7 31. c4 Nd7 32. Rfe1 Rxe1+ 33. Rxe1 Ne5 34. Ng5 h6 35. Nf3 Kf6 36. Nxe5 dxe5 37. Re3 Ra4 38. Rc3 Kf5 39. Kf2 e4 40. Ke3 Ke5 41. Rc1 b5 42. d6 Kxd6 43. Rd1+ 1/2-1/2

[Event "HUN-chT2 Barcza 1314"]
[Site "Hungary"]
[Date "2014.03.23"]
[Round "9"]
[White "Szuhai, Beata Barbara"]
[Black "Deakne Baranyai, Aniko"]
[Result "1-0"]
[WhiteElo "1580"]
[BlackElo "1546"]
[PlyCount "61"]
[EventDate "2013.09.08"]
[EventType "team-tourn"]
[EventRounds "11"]
[EventCountry "HUN"]
[SourceTitle "EXT 2016"]
[Source "ChessBase"]
[SourceDate "2015.10.08"]
[SourceVersion "1"]
[SourceVersionDate "2015.10.08"]
[SourceQuality "1"]
[WhiteTeam "Edeleny"]
[BlackTeam "Nadudvar"]
[WhiteTeamCountry "HUN"]
[BlackTeamCountry "HUN"]

1. e4 e5 2. Nc3 Nc6 3. Bc4 Nf6 4. d3 h6 5. f4 Be7 6. Nf3 d6 7. f5 Na5 8. Bb3 Ng4 9. 0-0 c6 10. h3 Qb6+ 11. d4 Nf6 12. Kh2 Qc7 13. dxe5 dxe5 14. Qe2 0-0 15. g4 Nxb3 16. axb3 Nd7 17. Rg1 Kh7 18. g5 h5 19. g6+ fxg6 20. Rxg6 Nf6 21. Qg2 Bd6 22. Ng5+ Kh8 23. Qe2 b5 24. Bd2 b4 25. Na4 Qe7 26. Rg1 Bxf5 27. exf5 e4+ 28. Kh1 Qe5 29. Ne6 Qxf5 30. Qg2 Qxe6 31. Rh6+ 1-0

[Event "HUN-chT2 Barcza 1314"]
[Site "Hungary"]
[Date "2014.02.16"]
[Round "7"]
[White "Jakab, Kincso"]
[Black "Szuhai, Beata Barbara"]
[Result "0-1"]
[WhiteElo "1693"]
[BlackElo "1580"]
[PlyCount "65"]
[EventDate "2013.09.08"]
[EventType "team-tourn"]
[EventRounds "11"]
[EventCountry "HUN"]
[SourceTitle "EXT 2016"]
[Source "ChessBase"]
[SourceDate "2015.10.08"]
[SourceVersion "1"]
[SourceVersionDate "2015.10.08"]
[SourceQuality "1"]
[WhiteTeam "Debrecen Sakkiskola"]
[BlackTeam "Edeleny"]
[WhiteTeamCountry "HUN"]
[BlackTeamCountry "HUN"]

1. e4 e6 2. d4 d5 3. Nd2 Nf6 4. e5 Nfd7 5. Bd3 c5 6. c3 Nc6 7. Ne2 Qb6 8. Nf3 f6 9. exf6 Nxf6 10. 0-0 Bd6 11. Bb1 0-0 12. Qc2 cxd4 13. cxd4 Bd7 14. a3 Rac8 15. Qd3 Na5 16. b4 Nc4 17. Bg5 Ne4 18. Qd1 Rxf3 19. Bxe4 Rxa3 20. Rxa3 Nxa3 21. Bxh7+ Kxh7 22. Qd3+ Kg8 23. Qxa3 Bxb4 24. Qg3 Bb5 25. Bf6 Bf8 26. h4 Bxe2 27. Re1 Bh5 28. Qg5 Qb4 29. Rxe6 Bf7 30. Re3 Qb1+ 31. Kh2 Qg6 32. Rg3 Qxg5 33. Rxg5 0-1

[Event "HUN-chT2 Barcza 1314"]
[Site "Hungary"]
[Date "2013.09.22"]
[Round "2"]
[White "Bodnar, Mate"]
[Black "Szuhai, Beata Barbara"]
[Result "0-1"]
[WhiteElo "1254"]
[BlackElo "1580"]
[PlyCount "50"]
[EventDate "2013.09.08"]
[EventType "team-tourn"]
[EventRounds "11"]
[EventCountry "HUN"]
[SourceTitle "EXT 2016"]
[Source "ChessBase"]
[SourceDate "2015.10.08"]
[SourceVersion "1"]
[SourceVersionDate "2015.10.08"]
[SourceQuality "1"]
[WhiteTeam "Debrecen EAC"]
[BlackTeam "Edeleny"]
[WhiteTeamCountry "HUN"]
[BlackTeamCountry "HUN"]

1. Nf3 d5 2. Nc3 Nf6 3. d4 Bf5 4. Bf4 e6 5. a3 c5 6. e3 Qb6 7. Nb5 Na6 8. dxc5 Bxc5 9. b4 Be7 10. c4 dxc4 11. Bxc4 Rd8 12. Qa4 0-0 13. 0-0 Nh5 14. Bg5 Bxg5 15. Nxg5 Bd3 16. Bxd3 Rxd3 17. Nxa7 Qxa7 18. Qc2 Rfd8 19. Rad1 Rxd1 20. Qxh7+ Kf8 21. Nxe6+ fxe6 22. Qh8+ Ke7 23. Qxh5 Rxf1+ 24. Kxf1 Qb6 25. Qg5+ Kf7 0-1

[Event "HUN-ch U14 Girls"]
[Site "Balatonlelle"]
[Date "2013.06.29"]
[Round "9"]
[White "Szuhai, Beata Barbara"]
[Black "Kassay, Lilla"]
[Result "0-1"]
[WhiteElo "1529"]
[BlackElo "1741"]
[PlyCount "98"]
[EventDate "2013.??.??"]
[EventType "tourn"]
[EventRounds "9"]
[EventCountry "HUN"]
[SourceTitle "EXT 2014"]
[Source "ChessBase"]
[SourceDate "2013.11.20"]
[SourceVersion "1"]
[SourceVersionDate "2013.11.20"]
[SourceQuality "1"]

1. e4 c5 2. Nf3 d6 3. d4 cxd4 4. Qxd4 Nc6 5. Bb5 Bd7 6. Bxc6 Bxc6 7. Nc3 Nf6 8. Bg5 h6 9. Bh4 Qa5 10. Bxf6 gxf6 11. Qd2 h5 12. Nd4 Rc8 13. f3 Bh6 14. Qd3 e6 15. Rd1 Rd8 16. Nb3 Qb6 17. Qd4 Qxd4 18. Rxd4 h4 19. Kf2 Ke7 20. Rhd1 Bf4 21. h3 Rhg8 22. Ne2 Be5 23. Rb4 Bg3+ 24. Nxg3 Rxg3 25. Na5 Rd7 26. Rd3 Rc7 27. Rc3 Kd7 28. Rbc4 Rc8 29. b4 a6 30. a4 Rg5 31. Nb3 Rcg8 32. g4 hxg3+ 33. Kg2 d5 34. exd5 Rxd5 35. Rd3 Rxd3 36. cxd3 b6 37. a5 Bd5 38. Rd4 Kc6 39. Nd2 bxa5 40. bxa5 Kb5 41. Ne4 Bxe4 42. dxe4 Kxa5 43. Rd7 Rg7 44. Rb7 Ka4 45. h4 a5 46. Rb8 Ka3 47. Rb5 a4 48. h5 e5 49. h6 Rh7 0-1